Časopis turistů

Bibliographic Details
Format: Serial
Language:Czech
Slovak
Published: Praha Klub československých turistů 1889-1948
Subjects:

MARC

LEADER 00000cas a22000004a 4500
001 vtls001374609
003 SK-MaSNL
005 20260228155758.0
008 991013d18891948xr mr 0 0b0cze c
035 |a SNK000328497 
040 |a SNK  |b slo  |c SNK  |d SAVUK  |e AACR2 
041 0 |a cze  |a slo 
044 |a xr  |c CZ 
080 |a 796.5  |2 2001 
245 0 |a Časopis turistů 
260 |a Praha  |b Klub československých turistů  |c 1889-1948 
362 0 |a Roč. 1 (1889)-roč. 60 (1948)  |z SKP/2011 
650 0 7 |a turistika  |2 SNKPH  |9 683 
850 |a Slovenská národná knižnica v Martine 
910 |a savuk 
999 |c 523  |d 523 
952 |0 0  |1 1  |4 0  |7 0  |a SNK  |b SNK  |d 1999-10-13  |l 0  |o snkČC 93/XLIV./1932  |p 17A0213801  |r 2005-01-02 00:00:00  |t P60, <06>, [BOOK], {606}  |w 2026-02-21  |y PREZ 
952 |0 0  |1 1  |4 0  |7 0  |8 5  |a SNK  |b SNK  |d 2010-12-28  |i snk2446/32  |l 0  |o snkČC 93/43/1931  |p 17A0683271  |r 2026-02-21 19:56:19  |t č. 1 - 6  |w 2026-02-21  |y PREZ 
952 |0 0  |1 1  |4 0  |7 0  |a SNK  |b SNK  |d 2011-02-11  |i snk2498/32  |l 0  |o snkČC 93/31/1919  |p 17A0688395  |r 2026-02-21 19:56:38  |t č. 1 - 12  |w 2026-02-21  |y PREZ 
952 |0 0  |1 1  |4 0  |7 0  |a SNK  |b SNK  |d 2011-02-11  |i snk2439/32  |l 0  |o snkČC 93/32/1920  |p 17A0688714  |r 2026-02-21 19:56:38  |t č. 1 - 12  |w 2026-02-21  |y PREZ 
952 |0 0  |1 1  |3 rekatalogizácia  |4 0  |7 0  |a SNK  |b SNK  |d 2006-11-25  |i snk2443/32  |l 0  |o snkČC 93/36/1924  |p 17A0530682  |r 2026-02-21 20:04:41  |t č. 1-12  |w 2026-02-21  |y PREZ 
952 |0 0  |1 1  |4 0  |7 0  |a SNK  |b SNK  |d 2011-07-15  |i snk1950/38  |l 0  |o snkČC 93/47/1935  |p 17A0698899  |r 2026-02-21 20:06:52  |w 2026-02-21  |y PREZ 
952 |0 0  |1 1  |4 0  |7 0  |a SNK  |b SNK  |d 2011-02-11  |i snk937/36  |l 0  |o snkČC 93/9/1900  |p 17A0688713  |r 2026-02-21 20:08:52  |t č. 1 - 12  |w 2026-02-21  |y PREZ 
952 |0 0  |1 1  |4 0  |7 0  |a SNK  |b SNK  |d 2009-10-15  |i snk2445/32  |l 0  |o snkČC 93/42/1930  |p 17A0626119  |r 2026-02-21 20:22:21  |t č. 1 - 2, úpl.  |w 2026-02-21  |y PREZ 
952 |0 0  |1 1  |4 0  |7 0  |8 3  |a SNK  |b SNK  |d 2009-10-15  |i snkK 2314/63  |l 0  |o snkČC 93/49/1937  |p 17A0626139  |r 2026-02-21 21:13:07  |t č. 1 - 10  |w 2026-02-21  |y PREZ 
952 |0 0  |1 0  |4 0  |7 0  |8 4  |a SNK  |b SNK  |d 2014-02-20  |i snkČIK 419/56  |l 0  |o snkČC 93/40/1928  |p 17A1024013  |r 2026-02-21 21:13:20  |t č. 1-12  |w 2026-02-21  |y PREZ 
952 |0 0  |1 1  |3 rekatalogizácia  |4 0  |7 0  |a SNK  |b SNK  |d 2005-02-07  |i snkK 2268/63  |l 0  |o snkČC 93/48/1936  |p 17A0351675  |r 2026-02-21 21:20:24  |w 2026-02-21  |y PREZ